000 00470nam a2200181Ia 4500
008 240925s9999 xx 000 0 und d
020 _a9789694074726
082 _a332.1 KAZ
100 _aKazi, Fazul Suleiman
245 0 _aBanks and Executive Leadership
250 _a1st
260 _aKarachi:
_bRoyal Book Company
_c,2018.
300 _a180p.
_b0
_fOriginal
500 _aIncludes Index
600 _aSocial Sciences
650 _aSocial Sciences
942 _cBK
999 _c16846
_d16846